| 000 | 00396nam a2200145Ia 4500 | ||
|---|---|---|---|
| 008 | 210210b1960 xxu||||| |||| 00| 0 eng d | ||
| 082 | _a310/122 | ||
| 100 | _aMUNSHI, K.M. | ||
| 245 | _aReconstruction of society through trusteeship. | ||
| 260 |
_aBombay _bBharatiya Vidhya Bhavan _c1960 |
||
| 300 | _a39 | ||
| 650 | _aReconstruction society trusteeship | ||
| 690 | _aSociology | ||
| 906 | _a001612 | ||
| 999 |
_c77748 _d77748 |
||